Handbook of polymer testing : (Record no. 2717)

000 -LEADER
fixed length control field 00573nam a2200217 a 4500
001 - CONTROL NUMBER
control field 2717
003 - CONTROL NUMBER IDENTIFIER
control field BD-DhUET
008 - FIXED-LENGTH DATA ELEMENTS--GENERAL INFORMATION
fixed length control field 980925s1999 nyua bf 001 0 eng
020 ## - INTERNATIONAL STANDARD BOOK NUMBER
International Standard Book Number 0824701712
040 ## - CATALOGING SOURCE
Original cataloging agency DLC
Transcribing agency DLC
Modifying agency BD-DhUET
082 00 - DEWEY DECIMAL CLASSIFICATION NUMBER
Classification number 620.19202
Item number BRO/1999
245 00 - TITLE STATEMENT
Title Handbook of polymer testing :
Remainder of title physical methods
260 ## - PUBLICATION, DISTRIBUTION, ETC. (IMPRINT)
Place of publication, distribution, etc. New York
Name of publisher, distributor, etc. Marcel Dekker
Date of publication, distribution, etc. 1999
300 ## - PHYSICAL DESCRIPTION
Extent x, 845 p.
Other physical details ill.
Dimensions 26 cm.
490 1# - SERIES STATEMENT
Series statement Plastics engineering
504 ## - BIBLIOGRAPHY, ETC. NOTE
Bibliography, etc Includes bibliographies
650 #0 - SUBJECT ADDED ENTRY--TOPICAL TERM
Topical term or geographic name as entry element Plastics
650 #0 - SUBJECT ADDED ENTRY--TOPICAL TERM
Topical term or geographic name as entry element Polymers
700 1# - ADDED ENTRY--PERSONAL NAME
Personal name Brown, Roger
942 ## - ADDED ENTRY ELEMENTS (KOHA)
Koha item type Edited Book
Holdings
Koha item type Shelving location Koha date last seen Location (home branch) Source of classification or shelving scheme Piece designation (barcode) Lost status Koha full call number Copy number Withdrawn status Sublocation or collection (holding branch) Price effective from Date acquired Damaged status Not for loan Koha normalized classification for sorting
Edited BookCirculation section2014-09-29Central Library, BUET 98008 620.19202/BRO/19991 Central Library, BUET2014-09-292014-09-29  620_000000000000000_19202BRO19
ReferenceReference section2015-10-13Central Library, BUET 98007 620.19202/BRO/19991 Central Library, BUET2015-10-132015-10-13  620_192020000000000_BRO_1999